Selbes Suffix - Geographie - Statistiken

Allgemein
  • Dieses Quiz wurde 176 mal gespielt
  • Das Durchschnittsergebnis liegt bei 16 aus 17
Antwortstatistiken
Ort Ort Suffix % Korrekt
Johannes____ St. Peters____ burg
100%
Finn____ Thai____ land
100%
Kings___ Welling___ ton
99%
Kurdi____ Paki____ stan
98%
Free____ George____ town
98%
Wolgo____ Kalinin____ grad
97%
New Hamp_____ York_____ shire
97%
Islama___ Hydera___ bad
96%
Akro_____ Indiana_____ polis
96%
Shef_____ Spring____ field
94%
Mikro_____ Poly____ nesien
93%
Jackson____ Libre_____ ville
92%
Tob___ Santi___ ago
91%
Sam__ Nami__ bia
90%
Ply_____ Ports_____ mouth
90%
Ru____ Lu____ anda
80%
Sacha___ Ber___ lin
77%
Keine übereinstimmenden Quizze gefunden
Verteilung der Resultate
Anzahl Personen mit jedem Resultat
Perzentil nach korrekt beantworteten Fragen
Ihre Resultats-Entwicklung
Sie haben dieses Quiz noch nicht gespielt